[Event "Regionalliga NO 1112"]
[Site "Bayern"]
[Date "2011.11.20"]
[Round "3.3"]
[White "Votruba, Pavel"]
[Black "Schaeffner, Claus"]
[Result "1/2-1/2"]
[WhiteElo "2114"]
[BlackElo "2123"]
[PlyCount "42"]
[EventDate "2011.10.02"]
[EventType "team-tourn"]
[EventRounds "9"]
[EventCountry "GER"]
[SourceTitle "EXT 2013"]
[Source "ChessBase"]
[SourceDate "2012.11.22"]
[SourceVersion "1"]
[SourceVersionDate "2012.11.22"]
[SourceQuality "1"]
[WhiteTeam "Schwandorf"]
[BlackTeam "Forchheim II"]
[WhiteTeamCountry "GER"]
[BlackTeamCountry "GER"]

1. Nf3 d5 2. b3 Bf5 3. Bb2 Nf6 4. e3 e6 5. c4 Be7 6. Be2 0-0 7. Nh4 Bg6 8. Nxg6 hxg6 9. 0-0 c6 10. d4 Nbd7 11. Nd2 a5 12. a3 Re8 13. c5 Qb8 14. Qc2 e5 15. dxe5 Nxe5 16. h3 Bf8 17. Bd4 Ned7 18. Bd3 b6 19. cxb6 c5 20. Bxf6 Nxf6 21. e4 Qxb6 1/2-1/2

[Event "Regionalliga NO 1011"]
[Site "Bayern"]
[Date "2011.03.20"]
[Round "8.1"]
[White "Schaeffner, Claus"]
[Black "Klek, Hanna Marie"]
[Result "0-1"]
[WhiteElo "2146"]
[BlackElo "2160"]
[PlyCount "52"]
[EventDate "2010.10.10"]
[EventType "team-tourn"]
[EventRounds "9"]
[EventCountry "GER"]
[SourceTitle "EXT 2012"]
[Source "ChessBase"]
[SourceDate "2011.11.24"]
[SourceVersion "1"]
[SourceVersionDate "2011.11.24"]
[SourceQuality "1"]
[WhiteTeam "Forchheim II"]
[BlackTeam "Erlangen"]
[WhiteTeamCountry "GER"]
[BlackTeamCountry "GER"]

1. d4 Nf6 2. c4 g6 3. Nc3 Bg7 4. e4 d6 5. Nf3 0-0 6. Be2 Bg4 7. 0-0 Nfd7 8. Be3 Nc6 9. d5 Bxf3 10. Bxf3 Na5 11. Be2 Bxc3 12. bxc3 Re8 13. f4 e6 14. Qd3 Qe7 15. Rf3 b6 16. Raf1 exd5 17. exd5 Nc5 18. Qd4 f5 19. Rg3 Qf7 20. Bf3 Nxc4 21. Bf2 b5 22. h4 Ne4 23. Rh3 h5 24. Be2 Ng5 25. Rg3 Rxe2 26. Rxg5 Rd2 0-1

[Event "Regionalliga NO 1011"]
[Site "Bayern"]
[Date "2011.02.27"]
[Round "7.1"]
[White "Speckner, Roland"]
[Black "Schaeffner, Claus"]
[Result "1-0"]
[WhiteElo "2302"]
[BlackElo "2146"]
[PlyCount "57"]
[EventDate "2010.10.10"]
[EventType "team-tourn"]
[EventRounds "9"]
[EventCountry "GER"]
[SourceTitle "EXT 2012"]
[Source "ChessBase"]
[SourceDate "2011.11.24"]
[SourceVersion "1"]
[SourceVersionDate "2011.11.24"]
[SourceQuality "1"]
[WhiteTeam "Kareth Lappersdorf"]
[BlackTeam "Forchheim II"]
[WhiteTeamCountry "GER"]
[BlackTeamCountry "GER"]

1. e4 d6 2. Nc3 Nf6 3. d4 Nbd7 4. Nf3 e5 5. Bc4 Be7 6. 0-0 0-0 7. a4 c6 8. Re1 b6 9. Qe2 Bb7 10. Ba2 a6 11. dxe5 dxe5 12. Nh4 Nc5 13. Bg5 Bc8 14. Rad1 Qc7 15. Nf5 Ne6 16. Bh4 Bd8 17. Qf3 Nf4 18. g3 Ne6 19. g4 h6 20. Bg3 Ng5 21. Qe2 g6 22. Ne3 Nfxe4 23. Nxe4 Nxe4 24. Qd3 Ng5 25. Qxg6+ Kh8 26. Qxh6+ Nh7 27. Nd5 Qb7 28. Bxe5+ f6 29. Nxf6 1-0

[Event "Landesliga Nord 0607"]
[Site "Bayern"]
[Date "2007.03.18"]
[Round "7.1"]
[White "Schaeffner, Claus"]
[Black "Kraft, Volker"]
[Result "1/2-1/2"]
[WhiteElo "2155"]
[BlackElo "2409"]
[PlyCount "34"]
[EventDate "2006.10.15"]
[EventType "team"]
[EventRounds "9"]
[EventCountry "GER"]
[SourceTitle "EXT 2008"]
[Source "ChessBase"]
[SourceDate "2007.11.25"]
[SourceVersion "1"]
[SourceVersionDate "2007.11.25"]
[SourceQuality "1"]
[WhiteTeam "Forchheim II"]
[BlackTeam "Zirndorf"]
[WhiteTeamCountry "GER"]
[BlackTeamCountry "GER"]

1. d4 Nf6 2. c4 e5 3. dxe5 Ng4 4. Bf4 g5 5. Bg3 Bg7 6. Nf3 Nc6 7. Nc3 Ngxe5 8. Nxe5 Nxe5 9. e3 d6 10. c5 0-0 11. cxd6 cxd6 12. Be2 Qb6 13. Qd2 Be6 14. 0-0 Rad8 15. Rfd1 d5 16. b3 Qa5 17. Rac1 d4 1/2-1/2

[Event "Landesliga Nord 0607"]
[Site "Bayern"]
[Date "2007.02.04"]
[Round "5.1"]
[White "Schaeffner, Claus"]
[Black "Lorenz, Mark"]
[Result "1/2-1/2"]
[WhiteElo "2155"]
[BlackElo "2268"]
[PlyCount "98"]
[EventDate "2006.10.15"]
[EventType "team"]
[EventRounds "9"]
[EventCountry "GER"]
[SourceTitle "EXT 2008"]
[Source "ChessBase"]
[SourceDate "2007.11.25"]
[SourceVersion "1"]
[SourceVersionDate "2007.11.25"]
[SourceQuality "1"]
[WhiteTeam "Forchheim II"]
[BlackTeam "Marktleuthen"]
[WhiteTeamCountry "GER"]
[BlackTeamCountry "GER"]

1. d4 f5 2. c4 Nf6 3. Nf3 g6 4. g3 Bg7 5. Bg2 0-0 6. 0-0 d6 7. Nc3 Qe8 8. d5 a5 9. Rb1 Na6 10. Ne1 Bd7 11. Nd3 c6 12. b3 Rb8 13. Bb2 Nc7 14. dxc6 Bxc6 15. Nf4 g5 16. Nfd5 Ncxd5 17. Nxd5 Bxd5 18. Bxd5+ Kh8 19. e3 b5 20. cxb5 Rxb5 21. Bc4 Rc5 22. Bd4 Rc7 23. Rc1 Ng4 24. f3 Ne5 25. Be2 Rxc1 26. Qxc1 f4 27. Qd2 Qc6 28. e4 Rc8 29. gxf4 gxf4 30. Kh1 Qc2 31. Rd1 Qxd2 32. Rxd2 Ng6 33. Bf2 Rc1+ 34. Kg2 Bc3 35. Rd1 Rc2 36. Kf1 Rxa2 37. Rc1 Bf6 38. Rc8+ Kg7 39. Ra8 Bc3 40. Bc4 Kf6 41. h4 h5 42. Rc8 Rd2 43. Be2 Be5 44. Ra8 Rb2 45. Bc4 Ra2 46. Be1 Ra1 47. Ke2 Ra2+ 48. Kf1 Ra1 49. Ke2 Ra2+ 1/2-1/2

[Event "Landesliga Nord 0607"]
[Site "Bayern"]
[Date "2006.11.19"]
[Round "3.1"]
[White "Schaeffner, Claus"]
[Black "Loos, Roland"]
[Result "0-1"]
[WhiteElo "2155"]
[BlackElo "2314"]
[PlyCount "69"]
[EventDate "2006.10.15"]
[EventType "team"]
[EventRounds "9"]
[EventCountry "GER"]
[SourceTitle "EXT 2008"]
[Source "ChessBase"]
[SourceDate "2007.11.25"]
[SourceVersion "1"]
[SourceVersionDate "2007.11.25"]
[SourceQuality "1"]
[WhiteTeam "Forchheim II"]
[BlackTeam "Neutraubling"]
[WhiteTeamCountry "GER"]
[BlackTeamCountry "GER"]

1. d4 e6 2. c4 f5 3. Nf3 Nf6 4. g3 d5 5. Bg2 c6 6. 0-0 Bd6 7. b3 Qe7 8. Bb2 b6 9. Ne5 Bb7 10. Nd2 0-0 11. Rc1 a5 12. cxd5 cxd5 13. Ndf3 Na6 14. Nd3 Nb4 15. a4 Rfc8 16. Nfe5 Ba6 17. Nxb4 Bxb4 18. Bf3 Ne4 19. Bxe4 fxe4 20. f3 e3 21. Rxc8+ Rxc8 22. Bc1 Qc7 23. Bxe3 Qc2 24. Qxc2 Rxc2 25. Rc1 Rxc1+ 26. Bxc1 Bxe2 27. Kf2 Bd1 28. Nd7 Bxb3 29. Nxb6 e5 30. Be3 Bc3 31. dxe5 Bxe5 32. Nd7 Bc3 33. Nc5 Bd1 34. f4 Kf7 35. Nb7 0-1

[Event "Landesliga Nord 0607"]
[Site "Bayern"]
[Date "2006.10.15"]
[Round "1.2"]
[White "Koch, Moritz"]
[Black "Schaeffner, Claus"]
[Result "1-0"]
[WhiteElo "2190"]
[BlackElo "2155"]
[PlyCount "63"]
[EventDate "2006.10.15"]
[EventType "team"]
[EventRounds "9"]
[EventCountry "GER"]
[SourceTitle "EXT 2008"]
[Source "ChessBase"]
[SourceDate "2007.11.25"]
[SourceVersion "1"]
[SourceVersionDate "2007.11.25"]
[SourceQuality "1"]
[WhiteTeam "Puschendorf"]
[BlackTeam "Forchheim II"]
[WhiteTeamCountry "GER"]
[BlackTeamCountry "GER"]

1. e4 c6 2. Nf3 d5 3. exd5 cxd5 4. Ne5 Nf6 5. d4 g6 6. Bd3 Bg7 7. 0-0 0-0 8. c3 Qb6 9. Qe2 Re8 10. Nd2 Nfd7 11. f4 Nxe5 12. fxe5 Be6 13. Nf3 f6 14. Kh1 Nd7 15. Bf4 Rac8 16. Rae1 a6 17. h3 Qc6 18. Qf2 b5 19. Qg3 Nf8 20. h4 Bf7 21. Re2 h5 22. Rfe1 f5 23. e6 Nxe6 24. Ne5 Bxe5 25. Bxe5 Kh7 26. Rf1 Rg8 27. Ref2 Ng7 28. Qg5 Rce8 29. Rxf5 gxf5 30. Rxf5 Bg6 31. Qxh5+ Nxh5 32. Rxh5# 1-0

[Event "GER-chT Betriebe"]
[Site "Berlin"]
[Date "2006.10.08"]
[Round "7.2"]
[White "Gruzmann, Boris"]
[Black "Schaeffner, Claus"]
[Result "1-0"]
[WhiteElo "2196"]
[BlackElo "2160"]
[PlyCount "65"]
[EventDate "2006.10.05"]
[EventType "team-tourn"]
[EventRounds "7"]
[EventCountry "GER"]
[SourceTitle "EXT 2020"]
[Source "ChessBase"]
[SourceDate "2019.10.17"]
[SourceVersion "1"]
[SourceVersionDate "2019.10.17"]
[SourceQuality "1"]
[WhiteTeam "SK Praesident II"]
[BlackTeam "Coburg"]
[WhiteTeamCountry "GER"]
[BlackTeamCountry "GER"]

1. e4 c6 2. d4 d5 3. e5 Bf5 4. Be3 e6 5. Nd2 Ne7 6. Nb3 Nd7 7. h4 h5 8. Be2 Bg6 9. Nh3 Nf5 10. g3 c5 11. 0-0 Be7 12. Nf4 Nxe3 13. fxe3 Bf5 14. Nxd5 g5 15. Bxh5 gxh4 16. e4 Rxh5 17. Qxh5 Bg6 18. Qh8+ Bf8 19. Nf4 Qg5 20. Qxh4 Qxh4 21. gxh4 Bxe4 22. c3 cxd4 23. cxd4 Bh6 24. Rae1 Bc6 25. d5 exd5 26. e6 Nf8 27. Nd4 f6 28. Nf5 Bxf4 29. Rxf4 Ng6 30. Rg4 Ne7 31. h5 Kf8 32. h6 Nxf5 33. h7 1-0

[Event "Landesliga Nord 0506"]
[Site "Bayern"]
[Date "2006.03.12"]
[Round "8.2"]
[White "Schaeffner, Claus"]
[Black "Hofmann, Martin1111"]
[Result "1-0"]
[WhiteElo "2160"]
[BlackElo "2048"]
[PlyCount "91"]
[EventDate "2005.10.23"]
[EventType "team"]
[EventRounds "9"]
[EventCountry "GER"]
[SourceTitle "EXT 2007"]
[Source "ChessBase"]
[SourceDate "2006.11.23"]
[SourceVersion "1"]
[SourceVersionDate "2006.11.23"]
[SourceQuality "1"]

1. d4 Nf6 2. c4 c5 3. d5 b5 4. cxb5 a6 5. b6 Qxb6 6. Nc3 d6 7. Nf3 g6 8. Nd2 Bg7 9. e4 0-0 10. Be2 a5 11. a4 Ba6 12. Nb5 Bxb5 13. Bxb5 Ne8 14. 0-0 Na6 15. Ra3 Nb4 16. Be2 e5 17. Nc4 Qc7 18. f4 f6 19. Raf3 Qe7 20. fxe5 fxe5 21. Rxf8+ Bxf8 22. Bg4 Nc7 23. g3 Bg7 24. Kg2 Bf6 25. h4 Kg7 26. Be3 Kg8 27. Rf2 Ne8 28. Be6+ Kh8 29. Qf1 h5 30. Bg5 Kg7 31. Nxd6 Qxd6 32. Bxf6+ Nxf6 33. Rxf6 Rf8 34. Rf7+ Rxf7 35. Qxf7+ Kh6 36. Qg8 Qe7 37. Qh8+ Qh7 38. Qxe5 Qg7 39. Qxg7+ Kxg7 40. d6 Kf6 41. Bd5 Nd3 42. b3 Ne5 43. Bc4 Nc6 44. Kf3 Ke5 45. d7 Kd6 46. Kf4 1-0

[Event "Landesliga Nord 0506"]
[Site "Bayern"]
[Date "2005.12.11"]
[Round "4.3"]
[White "Maurer, Jochen"]
[Black "Schaeffner, Claus"]
[Result "1-0"]
[WhiteElo "2100"]
[BlackElo "2160"]
[PlyCount "77"]
[EventDate "2005.10.23"]
[EventType "team"]
[EventRounds "9"]
[EventCountry "GER"]
[SourceTitle "EXT 2007"]
[Source "ChessBase"]
[SourceDate "2006.11.23"]
[SourceVersion "1"]
[SourceVersionDate "2006.11.23"]
[SourceQuality "1"]

1. e4 c6 2. d4 d5 3. e5 Bf5 4. Nf3 e6 5. Be2 Ne7 6. 0-0 h6 7. b3 Nd7 8. c4 Bg6 9. Nc3 Nf5 10. Bf4 Be7 11. Qd2 0-0 12. Rfe1 Nh4 13. c5 Nxf3+ 14. Bxf3 b6 15. b4 bxc5 16. bxc5 Rb8 17. Na4 Qc7 18. Bd1 Rb7 19. Re3 Rfb8 20. Rb3 Bf8 21. Rc1 Rxb3 22. axb3 Be7 23. Ra1 Bd8 24. Nc3 a5 25. Ra4 Bf5 26. g4 Bh7 27. Bg3 Qb7 28. f4 Qa6 29. f5 Rb7 30. Bc2 Nf8 31. Bf4 h5 32. h3 Qa8 33. f6 gxf6 34. gxh5 fxe5 35. dxe5 f6 36. Bh6 f5 37. Qg2+ Kf7 38. Qg7+ Ke8 39. Qxf8+ 1-0

[Event "Oberliga Bayern 0405"]
[Site "Bayern"]
[Date "2004.12.12"]
[Round "4.4"]
[White "Schaeffner, Claus"]
[Black "Bachmayr, Peter"]
[Result "1-0"]
[WhiteElo "2164"]
[BlackElo "2285"]
[PlyCount "110"]
[EventDate "2004.10.24"]
[EventType "team-tourn"]
[EventRounds "9"]
[EventCountry "GER"]
[SourceTitle "EXT 2020"]
[Source "ChessBase"]
[SourceDate "2019.10.17"]
[SourceVersion "1"]
[SourceVersionDate "2019.10.17"]
[SourceQuality "1"]
[WhiteTeam "Forchheim SC II"]
[BlackTeam "Muenchen 36"]
[WhiteTeamCountry "GER"]
[BlackTeamCountry "GER"]

1. d4 d5 2. c4 e6 3. Nc3 c6 4. Nf3 dxc4 5. a4 Bb4 6. e3 b5 7. Bd2 a5 8. axb5 Bxc3 9. Bxc3 cxb5 10. b3 Bb7 11. bxc4 b4 12. Bb2 Nf6 13. Bd3 Nbd7 14. 0-0 0-0 15. Nd2 Re8 16. Bc2 e5 17. Ba4 Re6 18. d5 Re7 19. f4 Qb6 20. Qf3 exf4 21. Bd4 Qd6 22. exf4 Nc5 23. Bc2 a4 24. Qh3 h6 25. Be5 Rxe5 26. fxe5 Qxe5 27. Qf5 Qd4+ 28. Qf2 Qxf2+ 29. Rxf2 b3 30. Bxb3 axb3 31. Rxa8+ Bxa8 32. Nxb3 Nxb3 33. Rb2 Bxd5 34. cxd5 Nc5 35. Rb8+ Kh7 36. d6 Kg6 37. Kf2 Nce4+ 38. Ke3 Nxd6 39. h3 Kf5 40. Ra8 h5 41. Ra7 Nd5+ 42. Kf3 g5 43. Ra5 Ke5 44. Ra8 f5 45. Rg8 Nf7 46. Ra8 Nf6 47. Ra5+ Ke6 48. Ra6+ Nd6 49. Ra8 Ke5 50. Ra5+ Nd5 51. Ra8 Ne4 52. g4 Nef6 53. gxf5 Kxf5 54. Ra5 h4 55. Ra2 Nf4 1-0

[Event "Oberliga Bayern 0405"]
[Site "Bayern"]
[Date "2004.11.28"]
[Round "3.4"]
[White "Kaiser, Wolfgang"]
[Black "Schaeffner, Claus"]
[Result "1-0"]
[WhiteElo "2243"]
[BlackElo "2164"]
[PlyCount "115"]
[EventDate "2004.10.24"]
[EventType "team-tourn"]
[EventRounds "9"]
[EventCountry "GER"]
[SourceTitle "EXT 2020"]
[Source "ChessBase"]
[SourceDate "2019.10.17"]
[SourceVersion "1"]
[SourceVersionDate "2019.10.17"]
[SourceQuality "1"]
[WhiteTeam "Passau"]
[BlackTeam "Forchheim SC II"]
[WhiteTeamCountry "GER"]
[BlackTeamCountry "GER"]

1. d4 d5 2. c4 Nc6 3. Nc3 dxc4 4. d5 Ne5 5. f4 Ng6 6. e4 e6 7. dxe6 Qxd1+ 8. Kxd1 fxe6 9. Bxc4 Nf6 10. Nf3 Bb4 11. e5 Bxc3 12. bxc3 Nd5 13. g3 Nxc3+ 14. Kd2 Nd5 15. Ba3 Nge7 16. Rhc1 c6 17. Ng5 Kd7 18. Rab1 h6 19. Nf7 Rg8 20. Nd6 b6 21. h4 c5 22. Bb3 Ba6 23. Ba4+ Nc6 24. Bxc5 bxc5 25. Ne4 Ke7 26. Bxc6 Rad8 27. Nd6 g5 28. hxg5 hxg5 29. Bxd5 exd5 30. f5 Rxd6 31. exd6+ Kxd6 32. Re1 Bc8 33. g4 d4 34. Rb5 Rh8 35. Ra5 Kd5 36. Re2 a6 37. Rf2 Kc6 38. f6 Kb6 39. Ra3 c4 40. f7 Rf8 41. Rh3 Bxg4 42. Rh6+ Kc7 43. Rxa6 Kd7 44. Rg6 Be6 45. Rxg5 Kd6 46. a4 Rxf7 47. Rxf7 Bxf7 48. a5 Bd5 49. a6 Be4 50. Rg4 c3+ 51. Kc1 Bc6 52. Rxd4+ Kc5 53. Rd8 Kb6 54. Rd6 Kc7 55. Re6 Bg2 56. Kc2 Kb8 57. Kxc3 Ka7 58. Kb4 1-0

[Event "Oberliga Bayern 0405"]
[Site "Bayern"]
[Date "2004.10.24"]
[Round "1.4"]
[White "Grundherr, Martin"]
[Black "Schaeffner, Claus"]
[Result "1/2-1/2"]
[WhiteElo "2266"]
[BlackElo "2164"]
[PlyCount "42"]
[EventDate "2004.10.24"]
[EventType "team-tourn"]
[EventRounds "9"]
[EventCountry "GER"]
[SourceTitle "EXT 2020"]
[Source "ChessBase"]
[SourceDate "2019.10.17"]
[SourceVersion "1"]
[SourceVersionDate "2019.10.17"]
[SourceQuality "1"]
[WhiteTeam "Pang/Rosenheim"]
[BlackTeam "Forchheim SC II"]
[WhiteTeamCountry "GER"]
[BlackTeamCountry "GER"]

1. Nf3 d5 2. c4 c6 3. d4 Nf6 4. Nc3 e6 5. e3 Nbd7 6. Bd3 dxc4 7. Bxc4 b5 8. Bd3 a6 9. 0-0 c5 10. Qe2 Bb7 11. Rd1 Qb6 12. Ne5 Rd8 13. a4 c4 14. Bc2 Bb4 15. Nxd7 Rxd7 16. axb5 axb5 17. e4 0-0 18. Bg5 Rxd4 19. Bxf6 gxf6 20. Rxd4 Qxd4 21. Nxb5 Qc5 1/2-1/2

[Event "Landesliga Nord 0304"]
[Site "Bayern"]
[Date "2003.11.23"]
[Round "3.3"]
[White "Halbritter, Josef"]
[Black "Schaeffner, Claus"]
[Result "1/2-1/2"]
[WhiteElo "2156"]
[BlackElo "2192"]
[PlyCount "33"]
[EventDate "2003.10.??"]
[EventType "team"]
[EventRounds "9"]
[EventCountry "GER"]
[SourceTitle "EXT 2006"]
[Source "ChessBase"]
[SourceDate "2005.11.24"]
[SourceVersion "1"]
[SourceVersionDate "2005.11.24"]
[SourceQuality "1"]
[WhiteTeam "Neutraubling"]
[BlackTeam "Forchheim II"]
[WhiteTeamCountry "GER"]
[BlackTeamCountry "GER"]

1. e4 c6 2. d4 d5 3. Nc3 dxe4 4. Nxe4 Nd7 5. Ng5 Ngf6 6. Bc4 e6 7. Qe2 Nb6 8. Bd3 h6 9. N5f3 c5 10. dxc5 Bxc5 11. Ne5 Nbd7 12. Ngf3 Qc7 13. 0-0 0-0 14. Bf4 Bd6 15. Nxd7 Bxd7 16. Bxd6 Qxd6 17. Rad1 1/2-1/2

[Event "Landesliga Nord 0203"]
[Site "Bayern"]
[Date "2003.02.09"]
[Round "6.2"]
[White "Schaeffner, Claus"]
[Black "Gross, Stefan"]
[Result "1/2-1/2"]
[WhiteElo "2183"]
[BlackElo "2281"]
[PlyCount "50"]
[EventDate "2002.10.20"]
[EventType "team"]
[EventRounds "9"]
[EventCountry "GER"]
[SourceTitle "EXT 2004"]
[Source "ChessBase"]
[SourceDate "2003.11.25"]
[SourceVersion "1"]
[SourceVersionDate "2003.11.25"]
[SourceQuality "1"]
[WhiteTeam "Forchheim II"]
[BlackTeam "Cham"]
[WhiteTeamCountry "GER"]
[BlackTeamCountry "GER"]

1. d4 Nf6 2. c4 g6 3. Nc3 d5 4. cxd5 Nxd5 5. e4 Nxc3 6. bxc3 Bg7 7. Nf3 c5 8. Rb1 0-0 9. Be2 b6 10. 0-0 Bb7 11. Qd3 Ba6 12. Qe3 Qc8 13. Re1 cxd4 14. cxd4 Qc2 15. Rb2 Qa4 16. Bd1 Qd7 17. Qa3 Bb7 18. Bg5 Nc6 19. Rd2 Na5 20. Ne5 Qd6 21. Bxe7 Qxa3 22. Bxa3 Rfd8 23. Bb4 Bxe5 24. dxe5 Nc4 25. Rxd8+ Rxd8 1/2-1/2

[Event "Landesliga Nord 0203"]
[Site "Bayern"]
[Date "2002.10.20"]
[Round "1.4"]
[White "Seeger, Werner"]
[Black "Schaeffner, Claus"]
[Result "1/2-1/2"]
[WhiteElo "2108"]
[BlackElo "2183"]
[PlyCount "81"]
[EventDate "2002.10.20"]
[EventType "team"]
[EventRounds "9"]
[EventCountry "GER"]
[SourceTitle "EXT 2004"]
[Source "ChessBase"]
[SourceDate "2003.11.25"]
[SourceVersion "1"]
[SourceVersionDate "2003.11.25"]
[SourceQuality "1"]
[WhiteTeam "Burgsinn"]
[BlackTeam "Forchheim II"]
[WhiteTeamCountry "GER"]
[BlackTeamCountry "GER"]

1. d4 d5 2. Nf3 c6 3. Bf4 a6 4. e3 Nf6 5. c4 e6 6. Nc3 Be7 7. c5 Nbd7 8. Ne5 0-0 9. Bd3 Nxe5 10. Bxe5 Nd7 11. Bg3 e5 12. 0-0 Re8 13. b4 Bf6 14. Ne2 b6 15. f4 exd4 16. exd4 a5 17. b5 Bb7 18. Rc1 bxc5 19. dxc5 a4 20. Bf2 Qa5 21. Nd4 Rac8 22. Bf5 Red8 23. Be1 Qa8 24. b6 g6 25. Bg4 Ba6 26. Rf2 Bc4 27. Bb4 Be7 28. f5 Rb8 29. fxg6 hxg6 30. Bxd7 Rxd7 31. Qg4 Qb7 32. Rc3 Bf8 33. h4 Re8 34. h5 Bg7 35. hxg6 Re4 36. gxf7+ Rxf7 37. Rxf7 Qxf7 38. Qc8+ Re8 39. Qg4 Re4 40. Qc8+ Re8 41. Qg4 1/2-1/2

[Event "Landesliga Nord 0102"]
[Site "Bayern"]
[Date "2002.04.28"]
[Round "9.3"]
[White "Zentgraf, Alexander"]
[Black "Schaeffner, Claus"]
[Result "1/2-1/2"]
[WhiteElo "2145"]
[BlackElo "2160"]
[PlyCount "75"]
[EventDate "2001.10.07"]
[EventType "team"]
[EventRounds "9"]
[EventCountry "GER"]
[SourceTitle "EXT 2003"]
[Source "ChessBase"]
[SourceDate "2002.11.25"]
[SourceVersion "1"]
[SourceVersionDate "2002.11.25"]
[SourceQuality "1"]
[WhiteTeam "Sailauf"]
[BlackTeam "Forchheim II"]
[WhiteTeamCountry "GER"]
[BlackTeamCountry "GER"]

1. c4 c6 2. Nf3 d5 3. b3 Nf6 4. g3 Bg4 5. Bg2 e6 6. 0-0 Nbd7 7. Bb2 Be7 8. d3 0-0 9. Na3 a5 10. Nc2 b5 11. cxb5 cxb5 12. Ne3 Bh5 13. a3 Qb6 14. Qc2 Nc5 15. Bd4 Bxf3 16. Bxc5 Bxc5 17. exf3 Rfc8 18. Rfc1 Qd6 19. Qb2 Nd7 20. d4 Ba7 21. f4 Qb6 22. Rd1 Rc7 23. f5 Rac8 24. fxe6 fxe6 25. Bxd5 exd5 26. Nxd5 Qd6 27. Nxc7 Rxc7 28. Rac1 Rxc1 29. Qxc1 Bxd4 30. a4 Ne5 31. axb5 Qd5 32. Qc8+ Kf7 33. Rc1 Nf3+ 34. Kf1 Nxh2+ 35. Kg1 Nf3+ 36. Kf1 Nh2+ 37. Kg1 Nf3+ 38. Kf1 1/2-1/2

[Event "Landesliga Nord 0102"]
[Site "Bayern"]
[Date "2002.02.03"]
[Round "5.5"]
[White "Schaeffner, Claus"]
[Black "Gutzeit, Kurt"]
[Result "1-0"]
[WhiteElo "2160"]
[BlackElo "1955"]
[PlyCount "105"]
[EventDate "2001.10.07"]
[EventType "team"]
[EventRounds "9"]
[EventCountry "GER"]
[SourceTitle "EXT 2003"]
[Source "ChessBase"]
[SourceDate "2002.11.25"]
[SourceVersion "1"]
[SourceVersionDate "2002.11.25"]
[SourceQuality "1"]
[WhiteTeam "Forchheim II"]
[BlackTeam "Burgsinn"]
[WhiteTeamCountry "GER"]
[BlackTeamCountry "GER"]

1. d4 Nf6 2. c4 g6 3. Nc3 Bg7 4. e4 d6 5. Nf3 c6 6. Be2 0-0 7. 0-0 Nbd7 8. Be3 b6 9. Qd2 c5 10. d5 Ng4 11. Bg5 f6 12. Bh4 Nde5 13. Ne1 g5 14. Bg3 Ng6 15. Bxg4 Bxg4 16. Nd3 e5 17. dxe6 Bxe6 18. b3 f5 19. exf5 Bxf5 20. Rad1 a6 21. Nc1 Bd4 22. N1e2 Be5 23. Qd5+ Kg7 24. Bxe5+ dxe5 25. Qc6 Rc8 26. Qb7+ Qc7 27. Qxa6 Ra8 28. Qb5 Rfb8 29. Nd5 Qb7 30. Ne3 Be6 31. Rd6 Kf7 32. Rfd1 Ne7 33. Nd5 Ra5 34. Qxb6 Qxb6 35. Rxb6 Rxb6 36. Nxb6 Rxa2 37. Nc3 Rb2 38. Rb1 Rxb1+ 39. Nxb1 Nc6 40. Na4 Bf5 41. Nd2 Bc2 42. Nxc5 Ke7 43. f3 Kd6 44. Nce4+ Ke7 45. Nxg5 Kd6 46. Nge4+ Kc7 47. g4 Nd4 48. b4 Nxf3+ 49. Nxf3 Bxe4 50. Nxe5 Kd6 51. Nf7+ Kc6 52. Kf2 Bc2 53. Ke3 1-0

[Event "Landesliga Nord 0001"]
[Site "Bayern"]
[Date "2001.01.14"]
[Round "4"]
[White "Stickler, Roberto"]
[Black "Schaeffner, Claus"]
[Result "1/2-1/2"]
[WhiteElo "2185"]
[BlackElo "2190"]
[PlyCount "32"]
[EventDate "2000.10.15"]
[EventType "team-tourn"]
[EventRounds "9"]
[EventCountry "GER"]
[SourceTitle "EXT 2020"]
[Source "ChessBase"]
[SourceDate "2019.10.17"]
[SourceVersion "1"]
[SourceVersionDate "2019.10.17"]
[SourceQuality "1"]
[WhiteTeam "Dettingen"]
[BlackTeam "Forchheim II"]
[WhiteTeamCountry "GER"]
[BlackTeamCountry "GER"]

1. d4 Nf6 2. Nf3 c5 3. e3 cxd4 4. exd4 d5 5. Bd3 Nc6 6. c3 Bg4 7. 0-0 e6 8. Bf4 Be7 9. Nbd2 0-0 10. h3 Bh5 11. Re1 Rc8 12. Nf1 a6 13. Ng3 Bg6 14. Bxg6 hxg6 15. Qe2 b5 16. Rac1 Re8 1/2-1/2

[Event "Landesliga Nord 0001"]
[Site "Bayern"]
[Date "2000.11.12"]
[Round "2"]
[White "Schaeffner, Claus"]
[Black "Kustar, Sandor"]
[Result "0-1"]
[WhiteElo "2190"]
[BlackElo "2375"]
[PlyCount "48"]
[EventDate "2000.10.15"]
[EventType "team-tourn"]
[EventRounds "9"]
[EventCountry "GER"]
[SourceTitle "EXT 2020"]
[Source "ChessBase"]
[SourceDate "2019.10.17"]
[SourceVersion "1"]
[SourceVersionDate "2019.10.17"]
[SourceQuality "1"]
[WhiteTeam "Forchheim II"]
[BlackTeam "Schwabach"]
[WhiteTeamCountry "GER"]
[BlackTeamCountry "GER"]

1. d4 Nf6 2. c4 e6 3. Nc3 Bb4 4. Qc2 0-0 5. a3 Bxc3+ 6. Qxc3 b6 7. Nf3 Ba6 8. b4 d5 9. b5 Bb7 10. e3 c5 11. dxc5 Ne4 12. Qc2 Nxc5 13. Bb2 Nbd7 14. Rd1 Rc8 15. Qb1 Qe7 16. cxd5 Bxd5 17. Rd4 Nf6 18. Ng5 Rfd8 19. f3 h6 20. Nh3 e5 21. Rb4 Bb3 22. Nf2 Nd5 23. Ba1 Nxb4 24. axb4 Na4 0-1

[Event "Landesliga Nord 0001"]
[Site "Bayern"]
[Date "2000.10.15"]
[Round "1"]
[White "Kraft, Volker"]
[Black "Schaeffner, Claus"]
[Result "1/2-1/2"]
[WhiteElo "1997"]
[BlackElo "2190"]
[PlyCount "56"]
[EventDate "2000.10.15"]
[EventType "team-tourn"]
[EventRounds "9"]
[EventCountry "GER"]
[SourceTitle "EXT 2020"]
[Source "ChessBase"]
[SourceDate "2019.10.17"]
[SourceVersion "1"]
[SourceVersionDate "2019.10.17"]
[SourceQuality "1"]
[WhiteTeam "Zirndorf"]
[BlackTeam "Forchheim II"]
[WhiteTeamCountry "GER"]
[BlackTeamCountry "GER"]

1. e4 c6 2. d4 d5 3. e5 Bf5 4. Nc3 e6 5. g4 Bg6 6. Nge2 f6 7. Nf4 fxe5 8. Nxg6 hxg6 9. dxe5 Nd7 10. Bf4 Bb4 11. Qd3 Ne7 12. Bg2 Qc7 13. 0-0-0 Nxe5 14. Qe3 Bd6 15. Bg3 0-0 16. Rhe1 Nc4 17. Qxe6+ Rf7 18. Bxd6 Qxd6 19. Qxd6 Nxd6 20. f3 g5 21. Re6 Rd8 22. b3 Kf8 23. Na4 b6 24. Rde1 Rd7 25. Nb2 Rf6 26. Nd3 Ng6 27. R6e3 Rc7 28. Bf1 Rcf7 1/2-1/2